000 01202cam a22003257a 4500
003 CHAP
005 20220817041444.0
008 971013s1976 r 00010 d
010 _a14979
011 _a15951
035 _a20028
040 _cCHAP
082 _a551.4
_bG8
100 0 0 _aGrant, K.
_950431
245 0 _aTerrain classification and evaluation for engineering purposes of the Canberra area, australian capital territory and New South Wales
260 _aMelbourne :
_bCommonwealth Scientific and Industrial Research Organization. Division of Applied Geomechanics,
_c1976
300 _a266 p.
_b: ilus. : gráfs
490 0 _aCSIRO. Technical paper
_v; 22
590 _aBATCH-UPD
_b10
_c20130110
_lUCH01
_h1524
590 _aBATCH-UPD
_b10
_c20130410
_lUCH01
_h0934
590 _aBATCH-UPD
_b10
_c20130914
_lUCH01
_h1723
590 _aCONVERSION
_b10
_c20130109
_lUCH01
_h1309
650 1 4 _aLevantamiento fisiográfico.
650 1 4 _aSuelos
_xIngeniería.
_9110401
650 1 4 _aTierras
_xClasificación
_xAustralia.
_9113096
830 0 _aCSIRO. Technical paper
_v; 22
_929691
901 _aBK
942 _cLIBRO
949 _a551.4 G8
_bBC
_cLIBRO
_d33724000400271
_eLIBRO
_h43585
_i20028
_mD
_si
999 _c14979
_d14979